Garners law of sewers and drains (Record no. 112160)

MARC details
000 -LEADER
fixed length control field 01613cam a22003015a 4500
001 - CONTROL NUMBER
control field L152670
008 - FIXED-LENGTH DATA ELEMENTS--GENERAL INFORMATION
fixed length control field 110411s2010 xxk f 001 0 eng d
020 ## - INTERNATIONAL STANDARD BOOK NUMBER
International Standard Book Number 9780414044951
035 ## - SYSTEM CONTROL NUMBER
System control number (Sirsi) u152670
041 0# - LANGUAGE CODE
Language code of text/sound track or separate title eng
050 04 - LIBRARY OF CONGRESS CALL NUMBER
Classification number 344.410462
-- 18
100 1# - MAIN ENTRY--PERSONAL NAME
Personal name Bailey, S.H.
245 00 - TITLE STATEMENT
Title Garners law of sewers and drains
250 ## - EDITION STATEMENT
Edition statement 10th ed.
260 ## - PUBLICATION, DISTRIBUTION, ETC.
Place of publication, distribution, etc. London
-- weet & Maxwell
Date of publication, distribution, etc. 2010.
300 ## - PHYSICAL DESCRIPTION
Extent lxii. illus. 308p. $2 2cm.
505 2# - FORMATTED CONTENTS NOTE
Formatted contents note Introductory -- Ownership of sewers -- Construction of public sewers -- Construction of sewers by private individuals -- Maintenance and use o public sewers -- Highway drains -- Sewage disposal and sewage disposal works -- The discharge of sewage effluents -- Drainage of premises -- Sanitary conveniences -- Procedures.
520 ## - SUMMARY, ETC.
Summary, etc. This publication deals with the complex and obscure legistation relating o sewers and drains. The 10th edition focuses o new primary legislation affecting water and sewerage untertakers including the parts of the Flood and Water Management Act 2010 relating to infrastructure providers and the adoptio of sustainable drainage systems. Also, includes information regarding the Environmental Permitting (England and Wales) Regulations 2010 and the scope of the Marcic decision in restricting common law claims in nuisance against sewerage undertakers.
520 ## - SUMMARY, ETC.
Summary, etc. Supersedes 9th ed. ISBN# 0721905846
521 ## - TARGET AUDIENCE NOTE
Target audience note Advanced
650 24 - SUBJECT ADDED ENTRY--TOPICAL TERM
Topical term or geographic name entry element DRAINAGE
650 24 - SUBJECT ADDED ENTRY--TOPICAL TERM
Topical term or geographic name entry element WATER
650 24 - SUBJECT ADDED ENTRY--TOPICAL TERM
Topical term or geographic name entry element WATER RESOURCES ACT 1991
650 24 - SUBJECT ADDED ENTRY--TOPICAL TERM
Topical term or geographic name entry element WATER INDUSTRY ACT 1991
651 #4 - SUBJECT ADDED ENTRY--GEOGRAPHIC NAME
Geographic name ENGLAND AND WALES
942 ## - ADDED ENTRY ELEMENTS (KOHA)
Suppress in OPAC 0
Holdings
Withdrawn status Lost status Source of classification or shelving scheme Damaged status Not for loan Home library Current library Shelving location Date acquired Cost, normal purchase price Total Checkouts Full call number Barcode Date last seen Copy number Cost, replacement price Price effective from Koha item type
    Dewey Decimal Classification     London London Books 19/04/2011 33.96   344.410462 30077166 08/01/2025 1 33.96 06/08/2019 Book